En Canet de Mar hay una escuela... /
Descripción Física:
Il·lustracions
Colección:
San Jorge,
; núm. 10 (abril 1953), pàg 55-62
Otros Autores:
Mira, Celso
Materias:
Mira, Celso -- Intervius
; Escola Universitària d'Enginyeria Tècnica en Teixits de Punt (Canet de Mar)
Idioma:
Español
MARC
| LEADER | 00000naa a2200000 a 4500 | ||
|---|---|---|---|
| 003 | Arxiu | ||
| 005 | 20260324181043.0 | ||
| 008 | 160829s1953 spcaxx s spa c | ||
| 040 | |a agdb | ||
| 100 | |a Oliveras, Alberto |9 29543 | ||
| 245 | 1 | 0 | |a En Canet de Mar hay una escuela... / |c por A. O. |
| 300 | |b Il·lustracions | ||
| 490 | |a San Jorge, |v núm. 10 (abril 1953), pàg 55-62 | ||
| 590 | |a El nom actual de l'escola és: Escola Universitària d'Enginyeria Tècnica en Teixits de Punt. Conté una entrevista al director de l'escola, Celso Mira | ||
| 600 | 1 | 0 | |2 Arxiu |9 54767 |a Mira, Celso |v Intervius |
| 610 | 2 | 0 | |a Escola Universitària d'Enginyeria Tècnica en Teixits de Punt (Canet de Mar) |9 54348 |
| 700 | |9 48988 |a Mira, Celso |e entrevistat | ||
| 773 | |g Núm. 10 (abril 1953), pàg 55 - 62 |t San Jorge. | ||
| 901 | |a Arxiu | ||
| 942 | |n 1 |2 udc |c ART | ||
| 952 | |0 0 |1 0 |4 0 |6 REV508 |7 1 |9 64367 |a Arxiu |b Arxiu |d 2022-11-25 |o Rev-508 |r 2022-11-25 00:00:00 |w 2022-11-25 |y ARXIU |z També disponible a Rev-522 | ||
| 999 | |c 50026 |d 50026 | ||